[Event "DEM U14 2014"]
[Site "Magdeburg GER"]
[Date "2014.06.13"]
[Round "8"]
[White "Langer, Simon"]
[Black "Visvikis, Christos"]
[Result "1-0"]
[Termination "normal"]
[Board "16"]
[WhiteElo "1881"]
[BlackElo "1723"]
[PlyCount "79"]
[WhiteFideId "12950386"]
[BlackFideId "12967955"]
[EventCountry "GER"]
[EventRounds "9"]
[EventType "swiss"]
[EventDate "2014.06.07"]

1. e4 c5 2. Nf3 d6 3. d4 cxd4 4. Nxd4 Nf6 5. Nc3 a6 6. Bg5 e6 7. f4 b5 8. e5
dxe5 9. fxe5 Qc7 10. exf6 Qe5+ 11. Be2 Qxg5 12. O-O Ra7 13. Qd3 Rd7 14. Ne4 Qg6
15. Qe3 Bb7 16. Bd3 Qh5 17. Nf5 Bxe4 18. fxg7 Qg4 19. gxf8=Q+ Kxf8 20. Bxe4
exf5 21. Bxf5 Qd4 22. Qxd4 Rxd4 23. Be6 Ke7 24. Bxf7 Rd2 25. Rae1+ Kd7 26. Be6+
Kc6 27. Rf6 Rd6 28. Bd5+ Kc7 29. Re7+ Nd7 30. Be6 Rd1+ 31. Kf2 a5 32. Rff7 Rd8
33. Rxd7+ R8xd7 34. Rxd7+ Rxd7 35. Bxd7 Kxd7 36. Ke3 Ke6 37. Ke4 h6 38. g4 a4
39. a3 Kf6 40. h4 1-0

[Event "DEM U14 2014"]
[Site "Magdeburg GER"]
[Date "2014.06.13"]
[Round "8"]
[White "Abdurakhimov, Peter"]
[Black "Hofmann, Rares"]
[Result "1/2-1/2"]
[Termination "normal"]
[Board "17"]
[WhiteElo "1784"]
[BlackElo "1890"]
[PlyCount "83"]
[WhiteFideId "12979694"]
[BlackFideId "12976440"]
[EventCountry "GER"]
[EventRounds "9"]
[EventType "swiss"]
[EventDate "2014.06.07"]

1. e4 d5 2. exd5 Nf6 3. Nf3 Nxd5 4. d4 Bg4 5. Be2 e6 6. O-O Nc6 7. c4 Nb6 8.
Be3 Qd7 9. Qc2 Be7 10. a3 a5 11. Rd1 Bf5 12. Bd3 Bxd3 13. Qxd3 Bf6 14. Nc3 Rd8
15. Qe2 O-O 16. d5 exd5 17. cxd5 Ne5 18. Nxe5 Bxe5 19. Bxb6 Bxc3 20. bxc3 cxb6
21. Qe3 Qd6 22. Qd4 Rfe8 23. a4 Re5 24. c4 Rde8 25. f3 Rh5 26. h3 Rhe5 27. Ra2
Qb4 28. Kh2 Qd6 29. Kg1 Qg6 30. Rf2 Re2 31. Rxe2 Rxe2 32. Qg4 Qxg4 33. hxg4 Kf8
34. Rb1 Ra2 35. Rxb6 Rxa4 36. Rb5 Rxc4 37. Rxa5 Ke7 38. Rb5 Rc7 39. Kf2 Kd6 40.
Ke3 f6 41. Kd4 Rd7 42. Rc5 1/2-1/2

[Event "DEM U14 2014"]
[Site "Magdeburg GER"]
[Date "2014.06.13"]
[Round "8"]
[White "Perekhozhuk, Maksym"]
[Black "Piskaykin, Bogdan"]
[Result "1/2-1/2"]
[Termination "normal"]
[Board "18"]
[WhiteElo "1759"]
[BlackElo "1672"]
[PlyCount "81"]
[WhiteFideId "12914860"]
[BlackFideId "12941212"]
[EventCountry "GER"]
[EventRounds "9"]
[EventType "swiss"]
[EventDate "2014.06.07"]

1. e4 c5 2. Nf3 d6 3. d4 cxd4 4. Nxd4 Nf6 5. Nc3 a6 6. Bg5 e6 7. f4 h6 8. Bxf6
Qxf6 9. Qd2 Nc6 10. Nb3 Qd8 11. O-O-O Be7 12. Kb1 Qc7 13. g4 Bd7 14. Bg2 O-O-O
15. Rhe1 Rhe8 16. Nd4 Kb8 17. h3 Rc8 18. f5 Nxd4 19. Qxd4 Rg8 20. Re2 Qa5 21.
Rd3 Rc6 22. Qe3 Rgc8 23. Qf3 Rb6 24. e5 Qa3 25. Nd1 Qc5 26. Rc3 Qd4 27. Rd3 Qc5
28. Red2 Bg5 29. Rc3 Qb4 30. Rxc8+ Kxc8 31. Rxd6 Rxd6 32. exd6 Kb8 33. Nc3 Bf4
34. Qd3 Bxd6 35. fxe6 Bxe6 36. a3 Qb6 37. Na4 Qc7 38. Bd5 b5 39. Nc3 Bxd5 40.
Qxd5 Bf4 41. Qf5 1/2-1/2

[Event "DEM U14 2014"]
[Site "Magdeburg GER"]
[Date "2014.06.13"]
[Round "8"]
[White "Gutschenreiter, Dorian"]
[Black "Müller, Elias"]
[Result "1-0"]
[Termination "normal"]
[Board "19"]
[WhiteElo "1855"]
[BlackElo "1686"]
[PlyCount "105"]
[WhiteFideId "12956996"]
[BlackFideId "12917133"]
[EventCountry "GER"]
[EventRounds "9"]
[EventType "swiss"]
[EventDate "2014.06.07"]

1. e4 c5 2. Nf3 d6 3. d4 Nf6 4. Nc3 cxd4 5. Nxd4 a6 6. Be3 e5 7. Nb3 Be6 8. h3
Be7 9. Qf3 Nbd7 10. g4 h6 11. O-O-O b5 12. Nd5 Bxd5 13. exd5 e4 14. Qf5 Ne5 15.
Be2 Rc8 16. h4 Qc7 17. Nd4 Nxd5 18. Qxe4 Nxe3 19. Qxe3 O-O 20. g5 Ng6 21. Bd3
Rfe8 22. Qg3 Qc5 23. Bf5 Nxh4 24. Bxc8 Rxc8 25. Rxh4 Qxg5+ 26. Rf4 Qxg3 27.
fxg3 Bg5 28. Rdf1 Rc4 29. Kd1 Bxf4 30. Rxf4 g5 31. Rg4 Kh7 32. b3 Rc5 33. Re4
Kg6 34. Kd2 Rd5 35. c3 b4 36. Kd3 Ra5 37. Re2 bxc3 38. Kxc3 Kh5 39. b4 Rd5 40.
Kc4 Re5 41. Rxe5 dxe5 42. Ne2 f5 43. Kd3 f4 44. gxf4 exf4 45. Ke4 Kg4 46. Ng1
Kg3 47. Ne2+ Kf2 48. Nxf4 gxf4 49. Kxf4 h5 50. a4 h4 51. Kg4 Ke2 52. b5 h3 53.
Kxh3 1-0

[Event "DEM U14 2014"]
[Site "Magdeburg GER"]
[Date "2014.06.13"]
[Round "8"]
[White "Alekhanov, Jannis"]
[Black "Grimm, Ling Leander"]
[Result "1/2-1/2"]
[Termination "normal"]
[Board "20"]
[WhiteElo "1801"]
[BlackElo "1700"]
[PlyCount "48"]
[WhiteFideId "12921238"]
[BlackFideId "12968277"]
[EventCountry "GER"]
[EventRounds "9"]
[EventType "swiss"]
[EventDate "2014.06.07"]

1. e4 c5 2. Nf3 g6 3. d4 cxd4 4. Nxd4 Nc6 5. c4 Nf6 6. Nc3 Nxd4 7. Qxd4 d6 8.
f3 Bg7 9. Be3 O-O 10. Qd2 Be6 11. Rb1 a6 12. Be2 Qa5 13. O-O Rfc8 14. Nd5 Qxd2
15. Bxd2 Nxd5 16. cxd5 Bd4+ 17. Kh1 Bd7 18. Rfc1 Rxc1+ 19. Rxc1 Rc8 20. Rxc8+
Bxc8 21. b3 Bd7 22. h3 Kg7 23. Kh2 f6 24. h4 h6 1/2-1/2

[Event "DEM U14 2014"]
[Site "Magdeburg GER"]
[Date "2014.06.13"]
[Round "8"]
[White "Lai Hop, Long"]
[Black "Killgus, Leonard"]
[Result "0-1"]
[Termination "normal"]
[Board "21"]
[WhiteElo "1660"]
[BlackElo "1732"]
[PlyCount "86"]
[WhiteFideId "12942707"]
[BlackFideId "12922021"]
[EventCountry "GER"]
[EventRounds "9"]
[EventType "swiss"]
[EventDate "2014.06.07"]

1. e4 c5 2. Nf3 e6 3. d4 cxd4 4. Nxd4 a6 5. Bd3 Nf6 6. c4 Qc7 7. Nc3 d6 8. O-O
Nbd7 9. Qe2 g6 10. f4 Bg7 11. Be3 O-O 12. Rae1 b6 13. Nb3 Bb7 14. Bd2 Nc5 15.
Nxc5 Qxc5+ 16. Be3 Qc7 17. Bd2 Nd7 18. b4 Rac8 19. Nb1 Rfe8 20. Bc3 Bxc3 21.
Nxc3 b5 22. Rc1 bxc4 23. Bc2 Qb6+ 24. Kh1 d5 25. Ba4 Bc6 26. b5 Bxb5 27. Rb1 d4
28. Bxb5 axb5 29. Nxb5 d3 30. Qd2 Qa6 31. e5 Red8 32. Rfc1 Nb6 33. Nd6 Rc7 34.
Rb5 Nd5 35. a4 Qxa4 36. Ra5 c3 37. Rxa4 cxd2 38. Rg1 Rc1 39. Ra1 Rxa1 40. Rxa1
Nc3 41. Nb7 Rb8 42. Nc5 Rb1+ 43. Rxb1 Nxb1 0-1

[Event "DEM U14 2014"]
[Site "Magdeburg GER"]
[Date "2014.06.13"]
[Round "8"]
[White "Jurga, Jonas Vincent"]
[Black "Dallinger, Moritz"]
[Result "0-1"]
[Termination "normal"]
[Board "22"]
[WhiteElo "1722"]
[BlackElo "1544"]
[PlyCount "30"]
[WhiteFideId "12968013"]
[BlackFideId "12910864"]
[EventCountry "GER"]
[EventRounds "9"]
[EventType "swiss"]
[EventDate "2014.06.07"]

1. e4 c5 2. Nf3 Nc6 3. d4 cxd4 4. Nxd4 e6 5. c4 Nf6 6. Nc3 Bb4 7. Nxc6 bxc6 8.
f3 Qa5 9. Bd2 O-O 10. a3 Be7 11. Nd5 Qd8 12. Nxe7+ Qxe7 13. Be2 Bb7 14. O-O
Rfd8 15. Ba5 Qc5+ 0-1

[Event "DEM U14 2014"]
[Site "Magdeburg GER"]
[Date "2014.06.13"]
[Round "8"]
[White "Bureik, Nicolas"]
[Black "Amler, Nick"]
[Result "0-1"]
[Termination "normal"]
[Board "23"]
[WhiteElo "1513"]
[BlackElo "1414"]
[PlyCount "168"]
[WhiteFideId "12971863"]
[BlackFideId "12930539"]
[EventCountry "GER"]
[EventRounds "9"]
[EventType "swiss"]
[EventDate "2014.06.07"]

1. d4 d5 2. c4 e6 3. Nc3 Nf6 4. cxd5 exd5 5. Bg5 Nbd7 6. e3 c6 7. Bd3 Qa5 8.
Qc2 Bb4 9. Nge2 O-O 10. O-O h6 11. Bh4 Qc7 12. Kh1 Ng4 13. Bg3 Bd6 14. Nxd5 Qb8
15. Ne7+ Kh8 16. Nf5 Bxg3 17. Nfxg3 Ngf6 18. Rac1 Nb6 19. Qd2 Be6 20. b3 Re8
21. Rc2 Qd6 22. Qc3 Nbd5 23. Qc5 Qxc5 24. Rxc5 Nb4 25. Bb1 Bg4 26. a3 Nbd5 27.
Bf5 Bxf5 28. Nxf5 Ne4 29. Rc2 a5 30. Nfg3 Nd6 31. Nc3 Nxc3 32. Rxc3 Nb5 33. Rc5
Nxa3 34. Ra1 Nb5 35. d5 Rec8 36. Kg1 g6 37. Kf1 Kg7 38. Ke2 Kf6 39. Kd3 Ke7 40.
Ra4 f5 41. dxc6 bxc6 42. Ne2 Kd6 43. Kc4 Re8 44. Nd4 Nxd4 45. exd4 Re2 46.
Rcxa5 Rxa5 47. Rxa5 Rc2+ 48. Kd3 Rxf2 49. d5 Rxg2 50. dxc6 Kxc6 51. b4 Kb6 52.
Re5 Kb7 53. Re7+ Kc6 54. Re5 Kc7 55. b5 Rxh2 56. Re6 g5 57. b6+ Kb7 58. Kc4
Rc2+ 59. Kb5 h5 60. Re7+ Kb8 61. b7 Rc7 62. Re5 Rxb7+ 63. Kc6 Rb3 64. Rxf5 Rg3
65. Kb6 Kc8 66. Kc6 Kd8 67. Kd6 Ke8 68. Ke6 h4 69. Kf6 h3 70. Re5+ Kd7 71. Re1
g4 72. Kf5 Rg2 73. Kf4 Kd6 74. Rd1+ Kc5 75. Rc1+ Kd4 76. Rd1+ Kc3 77. Rc1+ Kd2
78. Rf1 Ke2 79. Ra1 Kf2 80. Ra2+ Kg1 81. Ra1+ Kh2 82. Rf1 Rb2 83. Rc1 g3 84.
Kf3 g2 0-1

[Event "DEM U14 2014"]
[Site "Magdeburg GER"]
[Date "2014.06.13"]
[Round "8"]
[White "Schamber, Dennis"]
[Black "Nguyen, Anh Van"]
[Result "1/2-1/2"]
[Termination "normal"]
[Board "24"]
[WhiteElo "1560"]
[BlackElo "1610"]
[PlyCount "44"]
[WhiteFideId "12952176"]
[BlackFideId "12908223"]
[EventCountry "GER"]
[EventRounds "9"]
[EventType "swiss"]
[EventDate "2014.06.07"]

1. d4 Nf6 2. e3 c5 3. c3 e6 4. Bd3 Nc6 5. f4 cxd4 6. exd4 Qc7 7. Nf3 Be7 8. O-O
O-O 9. Nbd2 Re8 10. Ne4 d6 11. Nxf6+ Bxf6 12. g4 e5 13. g5 Bd8 14. fxe5 dxe5
15. Nxe5 Nxe5 16. dxe5 Bh3 17. Rf2 Qd7 18. Be3 Bg4 19. Qf1 Bh3 20. Qd1 Bg4 21.
Qf1 Bh3 22. Qd1 Bg4 1/2-1/2

[Event "DEM U14 2014"]
[Site "Magdeburg GER"]
[Date "2014.06.14"]
[Round "9"]
[White "Schröder, Kevin"]
[Black "Reuker, Jari"]
[Result "1-0"]
[Termination "normal"]
[Board "1"]
[WhiteElo "2178"]
[BlackElo "1867"]
[WhiteClock "00:46:41"]
[BlackClock "00:23:11"]
[PlyCount "49"]
[WhiteFideId "12929840"]
[BlackFideId "12909300"]
[EventCountry "GER"]
[EventRounds "9"]
[EventType "swiss"]
[EventDate "2014.06.07"]

1. Nf3 {[%clk 1:30:53]} c5 {[%clk 1:30:53]} 2. c4 {[%clk 1:31:08]} Nc6 {[%clk
1:31:17]} 3. Nc3 {[%clk 1:31:32]} g6 {[%clk 1:31:33]} 4. g3 {[%clk 1:31:58]}
Bg7 {[%clk 1:31:58]} 5. Bg2 {[%clk 1:32:23]} a6 {[%clk 1:31:43]} 6. O-O {[%clk
1:32:28]} Rb8 {[%clk 1:30:45]} 7. e3 {[%clk 1:20:58]} b5 {[%clk 1:30:27]} 8.
Qe2 {[%clk 1:16:24]} b4 {[%clk 1:23:26]} 9. Ne4 {[%clk 1:16:02]} d6 {[%clk
1:22:40]} 10. d4 {[%clk 1:06:01]} f5 {[%clk 1:02:00]} 11. Neg5 {[%clk 1:04:26]}
e5 {[%clk 0:59:14]} 12. d5 {[%clk 0:59:53]} Nce7 {[%clk 0:57:01]} 13. e4 {[%clk
0:53:46]} Nf6 {[%clk 0:53:08]} 14. exf5 {[%clk 0:52:22]} Bxf5 {[%clk 0:49:53]}
15. Nh4 {[%clk 0:48:02]} Bc8 {[%clk 0:43:44]} 16. f4 {[%clk 0:48:13]} exf4
{[%clk 0:39:24]} 17. Bxf4 {[%clk 0:47:32]} Rb6 {[%clk 0:35:27]} 18. Rae1 {[%clk
0:46:35]} Kf8 {[%clk 0:29:33]} 19. Ne6+ {[%clk 0:46:23]} Bxe6 {[%clk 0:29:56]}
20. Qxe6 {[%clk 0:46:50]} Nf5 {[%clk 0:27:28]} 21. Nxf5 {[%clk 0:47:01]} gxf5
{[%clk 0:27:50]} 22. Qxf5 {[%clk 0:47:12]} h6 {[%clk 0:25:08]} 23. Qg6 {[%clk
0:47:14]} Rb7 {[%clk 0:23:59]} 24. Re6 {[%clk 0:46:23]} Rd7 {[%clk 0:23:11]}
25. Bh3 {[%clk 0:46:41]} 1-0

[Event "DEM U14 2014"]
[Site "Magdeburg GER"]
[Date "2014.06.14"]
[Round "9"]
[White "Vogel, Roven"]
[Black "Schmidek, Emil"]
[Result "1-0"]
[Termination "normal"]
[Board "3"]
[WhiteElo "2270"]
[BlackElo "2038"]
[WhiteClock "00:19:59"]
[BlackClock "00:00:39"]
[PlyCount "119"]
[WhiteFideId "12908088"]
[BlackFideId "12908150"]
[EventCountry "GER"]
[EventRounds "9"]
[EventType "swiss"]
[EventDate "2014.06.07"]

1. Nf3 {[%clk 1:30:56]} Nf6 {[%clk 1:30:51]} 2. c4 {[%clk 1:31:21]} g6 {[%clk
1:31:11]} 3. Nc3 {[%clk 1:31:44]} Bg7 {[%clk 1:31:32]} 4. g3 {[%clk 1:31:50]}
O-O {[%clk 1:31:41]} 5. Bg2 {[%clk 1:32:11]} d6 {[%clk 1:31:16]} 6. O-O {[%clk
1:32:02]} e5 {[%clk 1:31:08]} 7. d3 {[%clk 1:30:09]} Nc6 {[%clk 1:31:26]} 8.
Bg5 {[%clk 1:30:02]} h6 {[%clk 1:22:42]} 9. Bxf6 {[%clk 1:29:12]} Bxf6 {[%clk
1:22:54]} 10. Rb1 {[%clk 1:19:20]} a5 {[%clk 1:17:25]} 11. a3 {[%clk 1:17:43]}
Nd4 {[%clk 1:17:04]} 12. b4 {[%clk 1:11:39]} axb4 {[%clk 1:12:12]} 13. axb4
{[%clk 1:11:12]} Bg4 {[%clk 1:10:55]} 14. Nxd4 {[%clk 1:04:04]} exd4 {[%clk
1:11:16]} 15. Ne4 {[%clk 1:03:12]} Ra2 {[%clk 0:57:23]} 16. Re1 {[%clk
1:01:11]} Bg7 {[%clk 0:44:37]} 17. h3 {[%clk 0:58:36]} Bd7 {[%clk 0:39:21]} 18.
c5 {[%clk 0:43:17]} Ba4 {[%clk 0:12:17]} 19. Qc1 {[%clk 0:42:58]} d5 {[%clk
0:12:31]} 20. Nd2 {[%clk 0:40:43]} Rc2 {[%clk 0:04:00]} 21. Qa3 {[%clk
0:40:52]} Rxd2 {[%clk 0:03:08]} 22. Qxa4 {[%clk 0:41:19]} Re8 {[%clk 0:02:40]}
23. Bxd5 {[%clk 0:40:20]} Rexe2 {[%clk 0:02:37]} 24. Rxe2 {[%clk 0:40:44]} Rxe2
{[%clk 0:03:03]} 25. Qd1 {[%clk 0:40:38]} Re8 {[%clk 0:02:42]} 26. Bxb7 {[%clk
0:40:57]} Qd7 {[%clk 0:03:05]} 27. Bg2 {[%clk 0:41:03]} Qb5 {[%clk 0:03:24]}
28. Qb3 {[%clk 0:38:30]} Re7 {[%clk 0:01:05]} 29. Be4 {[%clk 0:38:30]} Kh7
{[%clk 0:00:46]} 30. h4 {[%clk 0:38:53]} h5 {[%clk 0:00:41]} 31. Ra1 {[%clk
0:37:17]} Bf6 {[%clk 0:00:43]} 32. Ra5 {[%clk 0:37:40]} Qd7 {[%clk 0:01:04]}
33. Qd1 {[%clk 0:34:44]} Kg7 {[%clk 0:01:20]} 34. Qf3 {[%clk 0:34:13]} Qh3
{[%clk 0:00:46]} 35. Ra6 {[%clk 0:32:59]} Re6 {[%clk 0:00:46]} 36. Ra1 {[%clk
0:25:55]} Be5 {[%clk 0:00:38]} 37. Ra8 {[%clk 0:23:06]} Rf6 {[%clk 0:00:39]}
38. Qg2 {[%clk 0:23:34]} Qg4 {[%clk 0:00:32]} 39. f4 {[%clk 0:14:56]} Bxf4
{[%clk 0:00:55]} 40. gxf4 {[%clk 0:15:03]} Qxf4 {[%clk 0:01:09]} 41. Ra2 {[%clk
0:11:08]} Qxh4 {[%clk 0:19:53]} 42. Rf2 {[%clk 0:37:33]} Rxf2 {[%clk 0:19:03]}
43. Qxf2 {[%clk 0:37:57]} Qg5+ {[%clk 0:13:45]} 44. Kh2 {[%clk 0:36:02]} Qe5+
{[%clk 0:13:17]} 45. Qg3 {[%clk 0:35:55]} Qe7 {[%clk 0:10:58]} 46. Qf4 {[%clk
0:34:07]} Qd7 {[%clk 0:03:39]} 47. c6 {[%clk 0:33:32]} Qe7 {[%clk 0:03:18]} 48.
b5 {[%clk 0:33:47]} Qc5 {[%clk 0:01:58]} 49. Qxc7 {[%clk 0:33:33]} Qxb5 {[%clk
0:02:07]} 50. Qd6 {[%clk 0:32:20]} Qb2+ {[%clk 0:01:15]} 51. Kh3 {[%clk
0:32:26]} Qf2 {[%clk 0:01:02]} 52. Qg3 {[%clk 0:29:18]} Qf1+ {[%clk 0:00:57]}
53. Kh2 {[%clk 0:28:25]} Qf6 {[%clk 0:00:53]} 54. Kg2 {[%clk 0:26:57]} h4
{[%clk 0:00:44]} 55. Qf2 {[%clk 0:25:41]} Qg5+ {[%clk 0:00:42]} 56. Kh3 {[%clk
0:24:36]} f5 {[%clk 0:00:37]} 57. Bd5 {[%clk 0:20:37]} Qg4+ {[%clk 0:00:35]}
58. Kh2 {[%clk 0:21:05]} Kh6 {[%clk 0:00:31]} 59. c7 {[%clk 0:19:42]} f4 {[%clk
0:00:39]} 60. Bb7 {[%clk 0:19:59]} 1-0

[Event "DEM U14 2014"]
[Site "Magdeburg GER"]
[Date "2014.06.14"]
[Round "9"]
[White "Kololli, Kevin"]
[Black "Kitze, Alexander"]
[Result "1-0"]
[Termination "normal"]
[Board "4"]
[WhiteElo "2030"]
[BlackElo "2058"]
[WhiteClock "01:00:41"]
[BlackClock "00:05:28"]
[PlyCount "49"]
[WhiteFideId "12936863"]
[BlackFideId "12914827"]
[EventCountry "GER"]
[EventRounds "9"]
[EventType "swiss"]
[EventDate "2014.06.07"]

1. e4 {[%clk 1:30:57]} c5 {[%clk 1:30:56]} 2. Nc3 {[%clk 1:31:19]} Nc6 {[%clk
1:29:41]} 3. Nf3 {[%clk 1:31:39]} g6 {[%clk 1:28:02]} 4. d4 {[%clk 1:31:57]}
cxd4 {[%clk 1:28:29]} 5. Nxd4 {[%clk 1:32:17]} Bg7 {[%clk 1:28:55]} 6. Be3
{[%clk 1:32:36]} Nf6 {[%clk 1:28:42]} 7. Bc4 {[%clk 1:32:48]} O-O {[%clk
1:28:30]} 8. Bb3 {[%clk 1:33:06]} d6 {[%clk 1:27:56]} 9. f3 {[%clk 1:33:24]}
Bd7 {[%clk 1:26:53]} 10. Qd2 {[%clk 1:33:35]} Qa5 {[%clk 1:21:25]} 11. O-O-O
{[%clk 1:33:49]} Rfc8 {[%clk 1:21:15]} 12. h4 {[%clk 1:31:26]} Ne5 {[%clk
1:20:01]} 13. h5 {[%clk 1:30:05]} Nc4 {[%clk 1:16:40]} 14. Bxc4 {[%clk
1:30:27]} Rxc4 {[%clk 1:16:57]} 15. hxg6 {[%clk 1:30:03]} fxg6 {[%clk 1:14:19]}
16. Nb3 {[%clk 1:27:36]} Qa6 {[%clk 1:00:07]} 17. Kb1 {[%clk 1:22:34]} Rac8
{[%clk 0:56:42]} 18. Bd4 {[%clk 1:10:44]} b5 {[%clk 0:30:04]} 19. Bxf6 {[%clk
1:01:27]} exf6 {[%clk 0:21:30]} 20. Qd5+ {[%clk 1:01:32]} Kf8 {[%clk 0:20:43]}
21. Rxh7 {[%clk 0:59:47]} b4 {[%clk 0:16:32]} 22. Ne2 {[%clk 1:00:03]} Rxc2
{[%clk 0:13:33]} 23. Nf4 {[%clk 1:00:15]} Rxb2+ {[%clk 0:05:01]} 24. Kxb2
{[%clk 1:00:37]} f5+ {[%clk 0:05:28]} 25. Kb1 {[%clk 1:00:41]} 1-0

[Event "DEM U14 2014"]
[Site "Magdeburg GER"]
[Date "2014.06.14"]
[Round "9"]
[White "Greßmann, Moritz"]
[Black "Pallas, Sebastian"]
[Result "1/2-1/2"]
[Termination "normal"]
[Board "5"]
[WhiteElo "1963"]
[BlackElo "2004"]
[WhiteClock "00:29:41"]
[BlackClock "00:25:02"]
[PlyCount "49"]
[WhiteFideId "24695084"]
[BlackFideId "12905453"]
[EventCountry "GER"]
[EventRounds "9"]
[EventType "swiss"]
[EventDate "2014.06.07"]

1. e4 {[%clk 1:30:59]} c5 {[%clk 1:30:52]} 2. Nf3 {[%clk 1:31:23]} d6 {[%clk
1:31:16]} 3. Bb5+ {[%clk 1:31:47]} Nd7 {[%clk 1:31:17]} 4. O-O {[%clk 1:31:34]}
a6 {[%clk 1:31:29]} 5. Bxd7+ {[%clk 1:30:52]} Bxd7 {[%clk 1:31:52]} 6. Re1
{[%clk 1:30:05]} Nf6 {[%clk 1:29:49]} 7. e5 {[%clk 1:28:24]} dxe5 {[%clk
1:30:10]} 8. Nxe5 {[%clk 1:28:07]} Be6 {[%clk 1:27:27]} 9. Nc3 {[%clk 1:26:51]}
g6 {[%clk 1:26:40]} 10. d3 {[%clk 1:26:23]} Bg7 {[%clk 1:26:35]} 11. a4 {[%clk
1:23:45]} O-O {[%clk 1:24:32]} 12. a5 {[%clk 1:21:09]} Nd5 {[%clk 1:23:12]} 13.
Bd2 {[%clk 1:19:57]} Qd6 {[%clk 1:08:53]} 14. Nf3 {[%clk 1:15:06]} h6 {[%clk
0:55:20]} 15. Ne4 {[%clk 1:10:40]} Qc7 {[%clk 0:55:42]} 16. Qc1 {[%clk
1:08:56]} Kh7 {[%clk 0:46:28]} 17. Ra4 {[%clk 0:45:03]} Nf6 {[%clk 0:34:33]}
18. Nxf6+ {[%clk 0:40:50]} exf6 {[%clk 0:33:56]} 19. Bxh6 {[%clk 0:37:44]} Rh8
{[%clk 0:27:16]} 20. Rh4 {[%clk 0:35:25]} Kg8 {[%clk 0:27:42]} 21. Bd2 {[%clk
0:31:18]} Bd5 {[%clk 0:26:01]} 22. Rxh8+ {[%clk 0:30:17]} Bxh8 {[%clk 0:26:17]}
23. Qd1 {[%clk 0:30:01]} f5 {[%clk 0:24:48]} 24. b3 {[%clk 0:29:41]} Bf6 {[%clk
0:25:02]} 25. Qe2 1/2-1/2

[Event "DEM U14 2014"]
[Site "Magdeburg GER"]
[Date "2014.06.14"]
[Round "9"]
[White "Fieberg, Samuel"]
[Black "Gungl, Theo"]
[Result "1-0"]
[Termination "normal"]
[Board "6"]
[WhiteElo "1978"]
[BlackElo "2066"]
[WhiteClock "00:38:25"]
[BlackClock "00:01:24"]
[PlyCount "134"]
[WhiteFideId "12901717"]
[BlackFideId "24695653"]
[EventCountry "GER"]
[EventRounds "9"]
[EventType "swiss"]
[EventDate "2014.06.07"]

1. e4 {[%clk 1:30:58]} c5 {[%clk 1:30:56]} 2. Nf3 {[%clk 1:31:23]} d6 {[%clk
1:31:22]} 3. d4 {[%clk 1:31:49]} cxd4 {[%clk 1:31:49]} 4. Nxd4 {[%clk 1:32:12]}
Nf6 {[%clk 1:32:13]} 5. Nc3 {[%clk 1:32:37]} a6 {[%clk 1:32:37]} 6. Be2 {[%clk
1:33:02]} e6 {[%clk 1:32:59]} 7. O-O {[%clk 1:33:24]} Qc7 {[%clk 1:33:18]} 8.
a4 {[%clk 1:33:46]} Nc6 {[%clk 1:33:40]} 9. f4 {[%clk 1:32:24]} d5 {[%clk
1:02:22]} 10. Nxc6 {[%clk 1:29:03]} bxc6 {[%clk 1:02:44]} 11. e5 {[%clk
1:27:56]} Nd7 {[%clk 1:02:45]} 12. b3 {[%clk 1:23:16]} Bb7 {[%clk 0:59:48]} 13.
Bb2 {[%clk 1:16:16]} Be7 {[%clk 0:55:33]} 14. Qe1 {[%clk 1:10:53]} g6 {[%clk
0:50:15]} 15. Rd1 {[%clk 1:08:55]} Rg8 {[%clk 0:41:24]} 16. Qg3 {[%clk
1:01:07]} O-O-O {[%clk 0:37:06]} 17. Kh1 {[%clk 0:53:55]} Rdf8 {[%clk 0:27:36]}
18. Na2 {[%clk 0:50:09]} c5 {[%clk 0:23:31]} 19. c4 {[%clk 0:37:43]} d4 {[%clk
0:22:39]} 20. b4 {[%clk 0:37:59]} Qb6 {[%clk 0:19:27]} 21. a5 {[%clk 0:37:02]}
Qa7 {[%clk 0:18:42]} 22. bxc5 {[%clk 0:35:52]} Bxc5 {[%clk 0:19:10]} 23. Bf3
{[%clk 0:35:39]} Rd8 {[%clk 0:15:43]} 24. Ba3 {[%clk 0:26:29]} Kc7 {[%clk
0:09:22]} 25. Bxb7 {[%clk 0:24:24]} Qxb7 {[%clk 0:08:50]} 26. Rb1 {[%clk
0:24:04]} Qa7 {[%clk 0:06:57]} 27. Bxc5 {[%clk 0:23:01]} Qxc5 {[%clk 0:07:13]}
28. Nb4 {[%clk 0:21:10]} Ra8 {[%clk 0:06:57]} 29. f5 {[%clk 0:17:19]} Qxe5
{[%clk 0:04:41]} 30. Qf3 {[%clk 0:16:33]} Rgc8 {[%clk 0:02:55]} 31. fxe6 {[%clk
0:15:43]} fxe6 {[%clk 0:03:19]} 32. Qc6+ {[%clk 0:15:15]} Kd8 {[%clk 0:03:37]}
33. Qxa8 {[%clk 0:14:26]} Rxa8 {[%clk 0:03:03]} 34. Nc6+ {[%clk 0:14:49]} Kc7
{[%clk 0:02:35]} 35. Nxe5 {[%clk 0:15:12]} Nxe5 {[%clk 0:03:00]} 36. Rb6 {[%clk
0:13:16]} Re8 {[%clk 0:01:54]} 37. Rxa6 {[%clk 0:13:02]} d3 {[%clk 0:01:37]}
38. Rb6 {[%clk 0:10:04]} d2 {[%clk 0:01:20]} 39. Rb2 {[%clk 0:09:27]} Rd8
{[%clk 0:01:43]} 40. Rd1 {[%clk 0:09:47]} Nd3 {[%clk 0:01:06]} 41. Rbb1 {[%clk
0:07:37]} Nf2+ {[%clk 0:26:38]} 42. Kg1 {[%clk 0:38:29]} Nxd1 {[%clk 0:27:07]}
43. Rxd1 {[%clk 0:38:52]} Kb7 {[%clk 0:26:41]} 44. Kf2 {[%clk 0:39:08]} Ka6
{[%clk 0:27:08]} 45. Ke3 {[%clk 0:39:14]} Kxa5 {[%clk 0:22:22]} 46. Rxd2 {[%clk
0:39:08]} Rc8 {[%clk 0:15:45]} 47. Rd7 {[%clk 0:37:46]} Rxc4 {[%clk 0:10:05]}
48. Rxh7 {[%clk 0:38:06]} Kb5 {[%clk 0:09:44]} 49. Rg7 {[%clk 0:38:05]} Kc6
{[%clk 0:09:03]} 50. Rxg6 {[%clk 0:38:06]} Kd5 {[%clk 0:09:25]} 51. g4 {[%clk
0:37:33]} Rc3+ {[%clk 0:08:27]} 52. Kf2 {[%clk 0:36:58]} Ke5 {[%clk 0:08:37]}
53. h4 {[%clk 0:36:57]} Kf4 {[%clk 0:05:03]} 54. h5 {[%clk 0:37:07]} Rc2+
{[%clk 0:05:31]} 55. Ke1 {[%clk 0:37:25]} Rh2 {[%clk 0:05:32]} 56. h6 {[%clk
0:37:35]} e5 {[%clk 0:04:57]} 57. g5 {[%clk 0:37:36]} e4 {[%clk 0:05:22]} 58.
Rg7 {[%clk 0:37:36]} e3 {[%clk 0:03:44]} 59. h7 {[%clk 0:36:23]} Rh1+ {[%clk
0:03:43]} 60. Ke2 {[%clk 0:36:43]} Rh2+ {[%clk 0:04:10]} 61. Kd3 {[%clk
0:36:49]} Rd2+ {[%clk 0:03:12]} 62. Kc3 {[%clk 0:37:08]} Rh2 {[%clk 0:03:36]}
63. g6 {[%clk 0:37:17]} e2 {[%clk 0:01:14]} 64. Kd2 {[%clk 0:37:39]} e1=Q+
{[%clk 0:00:35]} 65. Kxe1 {[%clk 0:38:01]} Ke3 {[%clk 0:01:02]} 66. Re7+ {[%clk
0:38:26]} Kf3 {[%clk 0:01:24]} 67. Re8 {[%clk 0:38:25]} Rh3 1-0